000 01287nam a2200349 i 4500
001 196869
003 ES-MaACL
005 20250802063125.0
008 250114s2021 sp | |||| 000 f spa
015 _aMON21
017 _aB 6585-2021
_bOficina Depósito Legal Barcelona
020 _a9788401027154
035 _a(SpMaBN)a6939847
040 _aSpMaBN
_bspa
_cSpMaBN
_erda
080 _a821.134.2-31"19"
100 1 _aBardem, Carlos,
_d1963-
_9239460
_eaut
245 1 3 _aEl asesino inconformista /
_cCarlos Bardem.
250 _aPrimera edición: junio de 2021
264 1 _a[Barcelona] :
_bPlaza Janés,
_c[2021].
264 4 _c©2021
300 _a376 páginas ;
_c23 cm
336 _aTexto
_2rdacontent
337 _asin mediación
_2rdamedia
338 _avolumen
_2rdacarrier
655 7 _aNovelas negras
_2tgfbne
_9226784
852 _aES-MaACL
_cDEPOJ
_jN-10297
_gDedicatoria autógrafa de José Lázaro García
_hDonación: José Lázaro García
_xEncuadernación rústica con solapas
_9206419
903 _9234219
_aLázaro García, José
_ednr
942 _cMONOGRAFIA
_n0
999 _c196869
_d196869